Culture for the million? : Mass media in modern society /

Bibliographic Details
Corporate Author: Tamiment Institute
Other Authors: Jacobs, Norman, 1914-
Format: Book
Language:English
Published: Boston : Beacon Press, [1965]
Subjects:

MARC

Tag First Indicator Second Indicator Subfields
LEADER 00000cam a2200000 4500
001 in00000056340
005 20151007081901.0
008 760618r19651964mau b 10000 eng d
035 |a (OCoLC)02234847 
035 |9 AAF7055AM 
040 |a CIN  |c CIN  |d TXA  |d UtOrBLW 
049 |a TXAM  |c [477707] 
090 |a P91  |b .T3 1964 
092 |a 301.243  |b T158c, 1965 
110 2 |a Tamiment Institute. 
245 1 0 |a Culture for the million? :  |b Mass media in modern society /  |c Edited by Norman Jacobs; with an introd. by Paul Lazarsfeld. 
264 1 |a Boston :  |b Beacon Press,  |c [1965] 
300 |a xxv, 200 pages ;  |c 24 cm. 
336 |a text  |b txt  |2 rdacontent 
337 |a unmediated  |b n  |2 rdamedia 
338 |a volume  |b nc  |2 rdacarrier 
500 |a This edition first published 1964. 
500 |a "Based on papers presented and discussed at a seminar sponsored jointly by the Tamiment Institute and Daedalus, the journal of the American Academy of Arts and Sciences, and held at Tamiment-in-the-Poconos in June 1959." 
504 |a Includes bibliographical references. 
650 0 |a Mass media. 
650 0 |a Popular culture. 
650 0 |a Popular culture  |z United States. 
700 1 |a Jacobs, Norman,  |d 1914- 
730 0 |a Daedalus. 
999 |a MARS 
999 f f |s 7d4fb795-e1ba-310e-819a-c28d9c9fbc23  |i 0df16663-91f2-3bd9-90b9-2856996a2bf2  |t 0 
952 f f |p ric  |a Texas A&M University  |b Rellis Campus  |c Joint Library Facility  |s JLF  |d Remote Storage  |t 0  |e P91 .T3 1964  |h Library of Congress classification  |i unmediated -- volume  |m A14800639911 
998 f f |a P91 .T3 1964  |t 0  |l Remote Storage